000 00842cab a2200241 4500
001 WB2941-41
008 090401t1993 xxu||||| |||| 00| 0 eng d
035 _a(Sirsi) u62768
041 _aeng
245 _aContaminated land
260 _c1993
350 _a0
490 _aConstruction News
_v(6338) 28 October 1993, 2
490 _aEstates Times
_v(1210) 29 October 1993, 24(1)
520 _aPrivate sector development is being stalled by government indecision over tackling contaminated land. Jones Lang Wootton has teamed up with land contamination specialist Wimpey Environmental to tap the growing environmental advice market.
650 _aABOUT RICS-RICS MEMBERS
650 _aCONTAMINATED LAND
650 _aENVIRONMENTAL ADVICE
650 _aGOVERNMENT POLICY
690 _aLAND
942 _n0
948 _c04/03/1997
999 _c38981
_d38981